000 01349nam a2200289 i 4500
001 000034123
003 DO-SdBNP
005 20241028103728.0
007 ta
008 110926s1960 dr 000 0 spa d
040 _aDO-SdBNP
_bspa
_cBNPHU
_erda
082 _axxx
_bC744s
_222
100 1 _4aut.
_aConcepción, J. Agustín
_922539
_eautor
245 1 0 _aSíntesis histórica del municipio de Santiago Rodríguez /
_cJ. Agustín Concepción.
264 1 _aCiudad Trujillo, República Dominicana :
_bImpresora dominicana,
_c1960.
300 _a126 páginas
_c24 cm.
336 _atexto
_btxt
_2rdacontent
337 _asin mediación
_bn
_2rdamedia
338 _avolumen
_bnc
_2rdacarrier
490 1 _aVolúmenes históricos de 12 municipios dominicanos
500 _aColección de 15 volúmenes que su autor prepara con los auspicios de la Liga Municipal Dominicana, como una contribución del superior gobierno a la celebración del primer centenario de la Restauración Nacional.
500 _aVolúmenes publicados: Constanza (edición agotada) Síntesis histórica del Municipio de Santiago Rodriguez
500 _aPróximos a publicarse: Un siglo de vida Ocoeña Bosquejo histórico de Jarabacoa Manzanillo - Pepillo Salcedo - Puerto Libertador
590 _aInventariado, 2024/ YL
910 _aYLockward
942 _2ddc
_cLBS1
999 _c33614
_d33614